000 00412nam a2200169Ia 4500
008 230524s9999 xx 000 0 und d
020 _a9788120346727
082 _bCHA
100 _aP.N. Chandramouli
_942827
245 0 _aFundamentals of Strength of Materials
250 _a1
260 _aNew Delhi
_bPHI
300 _a"XIII,847p;"
500 _aQuantity Number: 1
650 _aMechanics
942 _cBK
999 _c57799
_d57799